| 000 | 00976pam a2200265 a 4500 | ||
|---|---|---|---|
| 001 | 3542232 | ||
| 003 | OSt | ||
| 005 | 20240612122244.0 | ||
| 008 | 970312s1997 mau b 001 0 eng | ||
| 010 | _a 97012296 | ||
| 020 | _a0817639926 (hc : alk. paper) | ||
| 020 | _a3764339926 (hc : alk. paper) | ||
| 040 |
_aDLC _cMUST _dDLC |
||
| 082 | 0 | 0 |
_a515.724 _bKUB 1997 |
| 100 | 1 |
_aKubrusly, Carlos S., _d1947- _917121 |
|
| 245 | 1 | 3 |
_aAn introduction to models and decompositions in operator theory / _cCarlos S. Kubrusly. |
| 260 |
_aBoston : _bBirkhäuser, _c1997. |
||
| 300 |
_axii, 132 p. ; _c24 cm. |
||
| 504 | _aIncludes bibliographical references (p. [121]-1270 and index. | ||
| 650 | 0 |
_aHilbert space. _917122 |
|
| 650 | 0 |
_aDecomposition (Mathematics) _917123 |
|
| 906 |
_a7 _bcbc _corignew _d1 _eocip _f19 _gy-gencatlg |
||
| 942 |
_2ddc _cO_SHELF |
||
| 999 |
_c8428 _d8428 |
||